[Event "FRA-ch Blitz Online Qual"]
[Site "Europe Echecs INT"]
[Date "2020.05.16"]
[Round "7"]
[White "Bachy, Louis"]
[Black "Remtoula, Naushad"]
[Result "1-0"]
[WhiteElo "1264"]
[BlackElo "1126"]
[PlyCount "55"]
[EventDate "2020.05.16"]
[EventType "swiss (blitz)"]
[EventRounds "15"]
[EventCountry "FRA"]
[SourceTitle "CBM 196 Extra"]
[Source "ChessBase"]
[SourceDate "2020.07.31"]
[SourceVersion "1"]
[SourceVersionDate "2020.07.31"]
[SourceQuality "1"]

1. e4 e6 2. d4 d5 3. e5 c5 4. c3 Qb6 5. Nf3 Nc6 6. Bd3 Nh6 7. Bxh6 gxh6 8. Qd2 cxd4 9. cxd4 Bd7 10. Be2 Rc8 11. 0-0 Nb4 12. Na3 a5 13. b3 Bg7 14. Rac1 Rxc1 15. Rxc1 h5 16. Qg5 Nxa2 17. Qxg7 Rf8 18. Rb1 Nc3 19. Bd3 Nxb1 20. Nxb1 Qxb3 21. Qxh7 Qd1+ 22. Bf1 Bb5 23. Nfd2 Bxf1 24. Nxf1 Qxb1 25. Qxh5 Kd7 26. Qe2 Rc8 27. g3 Rc2 28. Qd3 1-0

[Event "FRA-ch Blitz Online Qual"]
[Site "Europe Echecs INT"]
[Date "2020.05.16"]
[Round "10"]
[White "Genot, Jean Paul"]
[Black "Bachy, Louis"]
[Result "1-0"]
[WhiteElo "1673"]
[BlackElo "1264"]
[PlyCount "71"]
[EventDate "2020.05.16"]
[EventType "swiss (blitz)"]
[EventRounds "15"]
[EventCountry "FRA"]
[SourceTitle "CBM 196 Extra"]
[Source "ChessBase"]
[SourceDate "2020.07.31"]
[SourceVersion "1"]
[SourceVersionDate "2020.07.31"]
[SourceQuality "1"]

1. e4 c5 2. Nc3 Nc6 3. f4 e6 4. Bb5 a6 5. Bxc6 bxc6 6. Nf3 d5 7. e5 Ne7 8. d3 Nf5 9. 0-0 Qb6 10. Kh1 Be7 11. Rb1 0-0 12. Bd2 a5 13. Ne2 Ba6 14. g4 Nh6 15. h3 f6 16. Rg1 c4 17. d4 c5 18. Be3 cxd4 19. Nfxd4 Bc5 20. c3 fxe5 21. fxe5 Nf7 22. Bf4 Nd8 23. Be3 Nc6 24. Nxc6 Qxc6 25. Bxc5 Qxc5 26. Nd4 Rf4 27. Qd2 Raf8 28. Nxe6 Qc6 29. Nxf4 d4+ 30. Kh2 Qf3 31. Rbf1 Qe3 32. Qxe3 dxe3 33. Ne2 Re8 34. Rf3 Rxe5 35. Rgg3 Bb7 36. Rxe3 1-0